Manual tecnológico del cemento.
| Main Author: | |
|---|---|
| Format: | Section = Libro |
| Language: | Undetermined Spanish |
| Published: |
España
Reverté
1977
|
| Subjects: |
| LEADER | 00530nam a2200193Ia 4500 | ||
|---|---|---|---|
| 008 | 240830s9999 xx 000 0 und d | ||
| 020 | |a 978-84-7146-095-0 | ||
| 040 | |a B-ESTELÍ- RUACS / 620.135 D844 | ||
| 041 | |a spa | ||
| 082 | |a 620.135 D844 | ||
| 100 | 1 | |a Duda, Walter H. | |
| 245 | 1 | 0 | |a Manual tecnológico del cemento. |
| 260 | |a España |b Reverté |c 1977 | ||
| 300 | |a 332 p:il | ||
| 650 | 7 | |a RESISTENCIA DE LOS MATERIALES | |
| 650 | 7 | |b PRODUCCION Y PREPARACIÓN DEL CEMENTO | |
| 942 | |c BK |2 ddc | ||
| 991 | |a TEXTO | ||
| 999 | |c 11184 | ||